<?xml version="1.0" encoding="UTF-8"?><?xml-stylesheet type="text/xsl" href="static/style.xsl"?><OAI-PMH xmlns="http://www.openarchives.org/OAI/2.0/" xmlns:xsi="http://www.w3.org/2001/XMLSchema-instance" xsi:schemaLocation="http://www.openarchives.org/OAI/2.0/ http://www.openarchives.org/OAI/2.0/OAI-PMH.xsd"><responseDate>2026-04-13T02:57:35Z</responseDate><request verb="GetRecord" identifier="oai:www.recercat.cat:10256/26028" metadataPrefix="marc">https://recercat.cat/oai/request</request><GetRecord><record><header><identifier>oai:recercat.cat:10256/26028</identifier><datestamp>2025-02-04T00:29:08Z</datestamp><setSpec>com_2072_452955</setSpec><setSpec>com_2072_2054</setSpec><setSpec>col_2072_453035</setSpec></header><metadata><record xmlns="http://www.loc.gov/MARC21/slim" xmlns:dcterms="http://purl.org/dc/terms/" xmlns:xsi="http://www.w3.org/2001/XMLSchema-instance" xmlns:doc="http://www.lyncode.com/xoai" xsi:schemaLocation="http://www.loc.gov/MARC21/slim http://www.loc.gov/standards/marcxml/schema/MARC21slim.xsd">
   <leader>00925njm 22002777a 4500</leader>
   <datafield ind2=" " ind1=" " tag="042">
      <subfield code="a">dc</subfield>
   </datafield>
   <datafield ind2=" " ind1=" " tag="720">
      <subfield code="a">Espinet i Rius, Josep Maria</subfield>
      <subfield code="e">author</subfield>
   </datafield>
   <datafield ind2=" " ind1=" " tag="720">
      <subfield code="a">García-Sánchez, Antonio</subfield>
      <subfield code="e">author</subfield>
   </datafield>
   <datafield ind2=" " ind1=" " tag="720">
      <subfield code="a">Gassiot Melian, Ariadna</subfield>
      <subfield code="e">author</subfield>
   </datafield>
   <datafield ind2=" " ind1=" " tag="260">
      <subfield code="c">2024-08-01</subfield>
   </datafield>
   <datafield ind2=" " ind1=" " tag="520">
      <subfield code="a">The aim of this study is to analyse and compare the seasonal pattern of activity and prices in the cruise industry, both globally and regionally (in the Mediterranean), as well as the impact of this seasonality on the cruise industry and cruise destinations. Methodologically, seasonality indices for activity and prices are calculated based on available statistics and a database of 51,129 observations from 2019. The results show that there is activity and price seasonality worldwide, although it is higher in the Mediterranean region. This supports the idea that cruise lines face less variation in activity due to seasonality, as they can reposition their ships in different regions throughout the year. The seasonality of cruise destinations is more pronounced, due to natural and institutional factors, but also to these repositioning decisions by cruise lines. A comparison of activity and price seasonality shows that prices fluctuate more globally, while activity fluctuates more regionally. The cruise lines' strategies are reviewed in order to draw some theoretical and practical implications for understanding future trends in the industry. Suggestions are also made as to how destinations can deal with the inconveniences of seasonality in cruise destinations, such as overtourism</subfield>
   </datafield>
   <datafield ind1="8" ind2=" " tag="024">
      <subfield code="a">http://hdl.handle.net/10256/26028</subfield>
   </datafield>
   <datafield tag="653" ind2=" " ind1=" ">
      <subfield code="a">Creuers turístics -- Aspectes econòmics</subfield>
   </datafield>
   <datafield tag="653" ind2=" " ind1=" ">
      <subfield code="a">Cruise lines -- Economic aspects</subfield>
   </datafield>
   <datafield tag="653" ind2=" " ind1=" ">
      <subfield code="a">Creuers turístics -- Preus</subfield>
   </datafield>
   <datafield tag="653" ind2=" " ind1=" ">
      <subfield code="a">Cruise lines -- Prices</subfield>
   </datafield>
   <datafield ind2="0" ind1="0" tag="245">
      <subfield code="a">Seasonality in the cruise industry: activity, prices and regionality</subfield>
   </datafield>
</record></metadata></record></GetRecord></OAI-PMH>